| Tag |
First Indicator |
Second Indicator |
Subfields |
| LEADER |
00000cam a2200000 a 4500 |
| 001 |
in00001410121 |
| 005 |
20151020060900.0 |
| 008 |
970805s1997 miu b 001 0 eng |
| 010 |
|
|
|a 97033543
|
| 020 |
|
|
|a 0801021618 (pbk.)
|
| 035 |
|
|
|a (OCoLC)37457860
|
| 035 |
|
|
|9 AHN8083AM
|
| 040 |
|
|
|a DLC
|c DLC
|d TXA
|d UtOrBLW
|
| 049 |
|
|
|a TXAM
|
| 050 |
0 |
0 |
|a Z7772.B6
|b E55 1997
|a BS1405.2
|
| 082 |
0 |
0 |
|a 016.2216/6
|2 21
|
| 090 |
|
|
|a BS1405.2
|b .E55 1997
|
| 100 |
1 |
|
|a Enns, Peter,
|d 1961-
|
| 245 |
1 |
0 |
|a Poetry and wisdom /
|c Peter Enns.
|
| 246 |
1 |
4 |
|a Poetry & wisdom
|
| 264 |
|
1 |
|a Grand Rapids, Mich. :
|b Baker Books,
|c [1997]
|
| 264 |
|
4 |
|c ©1997
|
| 300 |
|
|
|a 171 pages ;
|c 21 cm.
|
| 336 |
|
|
|a text
|b txt
|2 rdacontent
|
| 337 |
|
|
|a unmediated
|b n
|2 rdamedia
|
| 338 |
|
|
|a volume
|b nc
|2 rdacarrier
|
| 490 |
1 |
|
|a IBR bibliographies ;
|v no. 3
|
| 500 |
|
|
|a Includes index.
|
| 650 |
|
0 |
|a Hebrew poetry, Biblical
|x History and criticism
|x Bibliography.
|
| 650 |
|
0 |
|a Wisdom literature
|x Criticism, interpretation, etc.
|x Bibliography.
|
| 830 |
|
0 |
|a IBR bibliographies ;
|v no. 3.
|
| 948 |
|
|
|a c:jlg
|
| 999 |
|
|
|a MARS
|
| 999 |
f |
f |
|s d5edca18-1d86-36ea-8c93-258b3dfa0db4
|i ff60c9c6-4470-31a9-b8d5-e17f70f17bbc
|t 0
|
| 952 |
f |
f |
|p ric
|a Texas A&M University
|b Rellis Campus
|c Joint Library Facility
|d Remote Storage
|t 0
|e BS1405.2 .E55 1997
|h Library of Congress classification
|i unmediated -- volume
|m A14822154628
|
| 998 |
f |
f |
|a BS1405.2 .E55 1997
|t 0
|l Remote Storage
|